000
00444nam a2200145Ia 4500
008
100204s9999 xx 000 0 und d
082
_b
15699
100
_a
म्हात्रे शैलजा सतिश
245
_a
मानसकन्या
260
_b
"सरस प्रकाशन, वसई"
_c
1990
300
_a
99
630
_a
मानसकन्या
730
_a
मानसकन्या
942
_c
BOOK
999
_c
460122
_d
460119